Landen die starten met een C - Statistieken

Algemene statistieken
  • Deze quiz is 97 keer genomen
  • De gemiddelde score is 8 van 12
Antwoordstatistieken
Land % Correct
China
83%
Canada
80%
Cambodja
73%
Chili
73%
Colombia
73%
Congo-Brazzaville
65%
Congo-Kinshasa
65%
Comoren
64%
Cuba
64%
Cyprus
56%
Costa-Rica
53%
Centraal Afrikaanse Republiek
44%
Geen overeenkomende quizzen gevonden
Scoreverdeling
Procent van Mensen met Elke Score
Percentiel versus Aantal Correcte Antwoorden
Uw Scoregeschiedenis
U heeft deze quiz nog niet genomen